000 00321nam a22001337a 4500
008 170905b xxu||||| |||| 00| 0 eng d
020 _a9781557662439
041 _aeng
080 _a070
100 _a40
101 _aMED
245 _aAUGMENTING BASIC COMMUNICATION IN NATURAL CONTEXTS
_cJOHNSON,J.M
942 _2udc
_cBK
999 _c26182
_d26182